000 00782nam a2200253Ia 4500
003 OSt
005 20220928112713.0
006 a|||||r|||| 00| 0
007 ta
008 220927b |||||||| |||| 00| 0 eng d
020 _c895
024 _a107361
037 _b546, 01/02/2010, Pioneer Book Distributors
_cTextual
040 _aSDCL
_cSDCL
_beng
041 _2eng
_aeng
082 _aY:47.1'P, P7
100 _aLee Su H.
_9387487
245 0 _aDebating new social movements
_b Culture ,identity and social fragmentation
260 _aNew Delhi
_bRawat Publications
_c2007
300 _av,265p
_ccm.
650 _aPolitical Science
942 _hY:47.1'P, P7
_cTEXL
_2CC
999 _c745866
_d745866